Wars involving Albania - Statistics

General Stats
  • This quiz has been taken 7 times
  • The average score is 1 of 56
Answer Stats
Year Albania and Allies Enemies Result War % Correct
1998-1999 Kosovo Liberation Army BelgiumCanada Denmark France Germany Italy Netherlands Norway Portugal Spain Turkey United Kingdom United States Federal Republic of Yugoslavia Victory Kosovo War
83%
1443-1479 Kastrioti familyArianiti family League of Lezhë Angevin Kingdom of Naples State of Arianiti Muzaka Lordship Principality of Kastrioti Principality of Dukagjini Republic of Venice Albanian resistance forces Lordship of Zeta Ottoman EmpireMuzaka Lordship Principality of Dukagjini State of Arianiti Defeat Albanian-Ottoman Wars
33%
1999-2001 Liberation Army of Preševo, Medveđa and Bujanovac Federal Republic of Yugoslavia Peace agreement Insurgency in Preševo Valley
17%
2001 National Liberation Army North Macedonia Ohrid agreement 2001 insurgency in Macedonia
0%
1358-1383 Principality of Albania Kingdom of NaplesNavarrese Company Kingdom of Navarre Victory Albanian-Anjou Conflict
0%
1411-1412 Zenebishi familyPrincipality of Gjirokastër Shpata family Despotate of Arta Despotate of EpirusGreeks of Ioannina Victory Albanian invasion of Epirus
0%
1939-1944 LANC Legality Movement Kingdom of ItalyNazi Germany Balli Kombëtar Second League of Prizren Victory Albanian Resistance of World War II
0%
1432-1436 Arianiti familyThopia family Kastrioti family Zenebishi family Dukagjini family Ottoman EmpireRepublic of Venice Mixed results Albanian Revolt
0%
1447-1448 League of Lezhë Republic of VenicePro-Venetian Alliance Ottoman Empire Victory Albanian-Venetian War
0%
1948-1954 People's Socialist Republic of Albania Socialist Federal Republic of YugoslaviaUnited States Victory Albanian-Yugoslav border conflict
0%
1921 Principality of AlbaniaAlbanian guerrillas Kingdom of Serbs, Croats and SlovenesKingdom of Greece Republic of Mirdita Army of Wrangel Victory Albanian-Yugoslav border war
0%
1945-1950 People's Socialist Republic of Albania Mirdita tribesmen Victory Anti-Communist Resistance in Mirditë
0%
1916 Austro-Hungarian EmpireAlbanian guerrillas Kingdom of ItalyRepublic of Central Albania Kingdom of Serbia Kingdom of Montenegro Austro-Hungarian Victory Austro-Hungarian invasion of Albania
0%
1915 Republic of Central AlbaniaKingdom of Italy French Third Republic Autonomous Albanian Republic of Korçë Kingdom of Greece Kingdom of Serbia Kingdom of Montenegro Kingdom of Bulgaria Defeat Bulgarian invasion of Albania
0%
1274-1281 Kingdom of AlbaniaHouse of Anjou-Sicily Kingdom of Sicily Byzantine EmpireAlbanian nobility and forces Victory Byzantine-Angevin War
0%
1341-1347 John VI Kantakouzenos Beylik of Aydin Ottoman Beylik Beylik of Saruhan Principality of Albania Principality of Muzaka John V Palaiologos
Anna of Savoy
John XIV Kalekas
Alexios Apokaukos
Zealots of Thessalonica
Kingdom of Serbia
Second Bulgarian Empire
Principality of Karvuna
Mixed results Byzantine Civil War
0%
1401-1408 Despotate of ArtaOttoman Empire County palatine of Cephalonia and Zakynthos Defeat Civil war of the Despotate of Arta
0%
2002-present Different armed groupsFormer UÇPMB members Serbia Ongoing Crisis in the Preševo Valley
0%
1912-1921 Albanian IrregularsPrincipality of Albania Kingdom of Yugoslavia Victory Dibran Wars
0%
1376 Principality of Albania Navarrese CompanyKingdom of Navarre Kingdom of France Defeat Durrës Expedition
0%
1416 Despotate of Arta Despotate of Epirus Defeat Eighth Albanian-Epirote War
0%
1385 Despotate of Arta Despotate of Epirus Ceasefire Fifth Albanian-Epirote War
0%
1943-1944 LANCUnited Kingdom Yugoslav Partisans Balli Kombëtar LegalitetiNazi Germany Victory First Albanian Civil War
0%
1359 Losha FamilyShpata Family Despotate of Epirus Victory First Albanian-Epirote War
0%
1414 Zenebishi familyPrincipality of Gjirokastër Ottoman Empire Defeat First Ottoman-Gjirokastër War
0%
1405-1413 Balšići Lordship of ZetaCrnojević family Humoj family Serb peasants Albanian peasants Zaharia family Republic of VeniceJonima Family Mixed results First Scutari War
0%
1381-1384 Despotate of Arta Despotate of EpirusOttoman Empire Inconclusive Fourth Albanian-Epirote War
0%
1939 Kingdom of Albania Kingdom of Italy Defeat Italian invasion of Albania
0%
1914 Principality of Albania Kingdom of Italy Defeat Italian invasion of Vlorë
0%
1924 Principality of AlbaniaMati tribesmen Diber tribesmen White Movement Yugoslav Army Noli supporters Defeat June Revolution
0%
1378 Despotate of Arta Knights Hospitaller Victory Knights Hospitaller invasion of Despotate of Arta
0%
1920-1921 Principality of AlbaniaAlbanian Resistance Kingdom of Serbs, Croats and Slovenes Victory Koplik War
0%
1916-1920 Albanian Cheta French Third RepublicAutonomous Albanian Republic of Korçë Kingdom of Greece Victory Korçë Crisis
0%
1463-1479 Republic of VenicePapal States League of Lezhë Principality of Zeta Maniots Greek rebels Ottoman Empire Defeat Ottoman-Venetian War
0%
1914 Principality of AlbaniaKosovar Albanian Kachaks Mirdita tribesmen Austro-Hungarian volunteers Romanian volunteers Austro-Hungarian Empire Kingdom of the Netherlands Muslim Albanian rebelsRepublic of Central Albania Ottoman Empire Victory Peasant Revolt in Albania
0%
1257-1259 Principality of Arbanon Nicene Empire Inconclusive Rebellion of Arbanon
0%
1997 Albanian rebels Council of MinistersAustria France Germany Greece Italy Romania Spain Turkey United States New parliamentary elections Second Albanian Civil War
0%
1367-1370 Losha FamilyDespotate of Arta Mazaraki tribe Malakasi tribe Despotate of Epirus Ceasefire Second Albanian-Epirote War
0%
1418 Zenebishi familyPrincipality of Gjirokastër Ottoman Empire Defeat Second Ottoman-Gjirokastër War
0%
1419-1423 ZetaSerbian Despotate Dukagjini family Kastrioti family Humoj family Zaharia family Republic of Venice Inconclusive Second Scutari War
0%
1411 Thopia familyPrincedom of Albania Muzaka familyMuzaka Lordship Defeat Second Thopia-Muzaka War
0%
1399-1400 Zenebishi FamilyPrincipality of Gjirokastër Despotate of EpirusPro-Epirote Albanian Clans Victory Seventh Albanian-Epirote War
0%
1991 Jashari family Federal Republic of Yugoslavia Victory Siege of Prekaz
0%
1389-1390 Despotate of ArtaMalakasi tribe Despotate of EpirusThessaly Ottoman Empire Defeat Sixth Albanian-Epirote War
0%
1296-1299 Albanian NobilityByzantine Empire Kingdom of Serbia Inconclusive Stefan Milutin's invasion of Northern Albania
0%
1945 People's Socialist Republic of Albania Kelmendi tribesmen Victory The Kelmend uprising
0%
1374-1375 Despotate of Arta Despotate of Epirus Ceasefire Third Albanian-Epirote War
0%
1363-1364 Principality of Albania Principality of ZetaPrincipality of Mataranga Victory Thopian-Zetan War
0%
1385 Principality of AlbaniaOttoman Empire Principality of Zeta Victory Thopian-Zetan War
0%
1912 Albanian Irregulars Kingdom of Serbia Victory Uprising in Lumë
0%
1392 Princedom of Albania Republic of Venice Defeat Venetian-Albanian War
0%
1920 Albanian rebels Kingdom of Italyprotectorate over Albania Compromise Vlora War
0%
1400-1401 Despotate of Arta Vonko's Forces Victory Vonko-Shpata War
0%
1941 Albanian Irregulars Chetniks Victory War of Ceraja and Silatina
0%
1402-1413 Principality of Gjirokastër Republic of Venice Defeat Zenebishi-Venetian War
0%
1924 Zogist rebelsYugoslav Army White Army Great Powers Noli Government Victory Zogist counter-revolt in Albania
0%
No matching quizzes found
Score Distribution
Percent of People with Each Score
Percentile by Number Answered
Your Score History
You have not taken this quiz